[Event "Chigorin Mem Open"]
[Site "St Petersburg RUS"]
[Date "2009.10.22"]
[Round "7"]
[White "Yakimenko,A"]
[Black "Goganov,A"]
[Result "0-1"]
[WhiteElo "2091"]
[BlackElo "2442"]

1.d4 d5 2.c4 e6 3.Nc3 c6 4.e3 Nf6 5.Nf3 Nbd7 6.Qc2 Bd6 7.e4 dxe4 8.Nxe4 Nxe4
9.Qxe4 Bb4+ 10.Bd2 Bxd2+ 11.Nxd2 O-O 12.O-O-O Nf6 13.Qe5 b5 14.Bd3 bxc4 15.Nxc4 Ba6
16.Kb1 Rb8 17.Qc5 Bxc4 18.Qxc4 Qb6 19.Rd2 Rfd8 20.Rhd1 Rd6 21.Rc2 Rbd8 22.Be2 e5
23.Bf3 exd4 24.Qc5 Qc7 25.Rc4 Nd7 26.Qg5 c5 27.Qe7 Qb8 28.Re1 Rb6 29.Ka1 Rxb2
30.Bd5 Nf6 31.Bxf7+ Kh8 32.Rxc5 Rb7 33.Qe6 Rf8 34.Bh5 Nxh5 35.Rxh5 Qc7 36.Rh3 Qc2
37.Rb3 Rxb3 38.Qxb3 Qxf2 39.Rd1 Qxg2 40.h3 Qe4 41.Qc4 Rd8 42.Qc7 Qd5 43.Rd3 a5
44.Rg3 Rg8 45.Rd3 a4 46.a3 Rf8 47.Qc2 Qe4 48.Qd1 Rd8 49.Qd2 Qh1+ 50.Ka2 Qd5+
51.Ka1 Qc4 52.Qd1 h6 53.Qd2 Rf8 54.Qe2 Qc1+ 55.Ka2 Rc8 56.Rd2 Rb8 57.Rb2 Rxb2+
58.Qxb2 Qxb2+ 59.Kxb2 g5 60.Kc2 h5  0-1

[Event "Arco Open A"]
[Site "Arco ITA"]
[Date "2009.10.23"]
[Round "7"]
[White "Grant,J"]
[Black "Knors,R"]
[Result "0-1"]
[WhiteElo "2249"]
[BlackElo "2113"]

1.c4 c6 2.d4 d5 3.Nc3 Nf6 4.e3 e6 5.Nf3 Nbd7 6.Qc2 Bd6 7.Be2 O-O 8.O-O Qe7
9.Rd1 b6 10.e4 dxe4 11.Nxe4 Nxe4 12.Qxe4 Bb7 13.Bg5 f6 14.Bh4 Rfe8 15.Rac1 Qf7
16.Qd3 Rad8 17.Bg3 Bxg3 18.hxg3 Qf8 19.Qe4 f5 20.Qc2 c5 21.d5 Qf6 22.Bd3 g6
23.dxe6 Qxe6 24.Re1 Qf6 25.Qc3 Qxc3 26.Rxc3 Bxf3 27.Rxe8+ Rxe8 28.gxf3 Re1+
29.Kg2 Ne5 30.f4 Nc6 31.Rc2 Nd4 32.Rd2 Kf7 33.Bc2 Re2 34.Rxe2 Nxe2 35.Kf1 Nd4
36.Bd3 Kf6 37.Ke1 h5 38.Kd2 Ne6 39.Ke3 Nd8 40.Bf1 Nf7 41.Bg2 Nd8 42.a3 Ne6
43.b4 Nc7 44.Kd3 Ke6 45.Kc3 Kf6 46.Kd3 Ke6 47.Bb7 Ke7 48.Ke3 Kf6 49.Bc6 Ke7
50.Ba4 Kf6 51.bxc5 bxc5 52.Bd1 Ne6 53.Kf3 Nd4+ 54.Kg2 Ne6 55.Kh3 Nd4 56.Ba4 Ne6
57.Kh4 Nd4 58.Bd1 Ne6 59.f3 Ke7 60.g4 hxg4 61.fxg4 Nxf4 62.gxf5 gxf5 63.Kg5 Ng2
64.Bc2 Kd6 65.Bxf5 Ne3 66.Bd3 Ke5 67.Be2 a5 68.a4 Kd4 69.Kf4 Nxc4 70.Kf3 Nb2
71.Bb5 c4 72.Ke2 c3 73.Be8 Kc4 74.Ke3 Kb4 75.Bc6 Nxa4 76.Kd3 Nc5+ 77.Kc2 a4
78.Be8 a3 79.Bf7 Ne4 80.Bg8 Nd6 81.Kd3 Nc8 82.Kc2 Nb6 83.Ba2 Nc4 84.Kd3 Ne5+
85.Kc2 Nf3 86.Bf7 Ne1+ 87.Kd1 c2+ 88.Kd2 a2 89.Bxa2 Ka3 90.Bd5 Kb2 91.Kxe1 c1=Q+
92.Ke2 Kc3 93.Be4 Kd4 94.Ba8 Qb2+  0-1

[Event "WJun"]
[Site "Puerto Madryn ARG"]
[Date "2009.10.23"]
[Round "3"]
[White "Iturrizaga,E"]
[Black "Yu Yangyi"]
[Result "0-1"]
[WhiteElo "2605"]
[BlackElo "2509"]

1.d4 d5 2.c4 c6 3.Nf3 Nf6 4.Nc3 e6 5.e3 Nbd7 6.b3 Bd6 7.Bb2 O-O 8.Be2 b6
9.O-O Bb7 10.Qc2 Qe7 11.Rad1 Rad8 12.Rfe1 Rfe8 13.Bf1 c5 14.cxd5 exd5 15.g3 Rc8
16.Bh3 cxd4 17.exd4 Ne4 18.Qd3 Bb4 19.Rc1 f6 20.Qb5 Bxc3 21.Rxc3 Nxc3 22.Bxc3 Bc6
23.Qa6 Qd6 24.Re6 Qc7 25.Bb4 Nf8 26.Rxc6 Qxc6 27.Bxc8 Rxc8 28.Qxa7 Nd7 29.Qa6 b5
30.Qxc6 Rxc6 31.Kf1 Rc2 32.a3 Nb8 33.Ke1 Nc6 34.Bc5 Rb2 35.Nd2 Na5 36.Bb4 Nxb3  0-1

[Event "Chigorin Mem Open"]
[Site "St Petersburg RUS"]
[Date "2009.10.23"]
[Round "8"]
[White "Kopasov,A"]
[Black "Fedotov,K"]
[Result "1/2-1/2"]
[WhiteElo "2227"]
[BlackElo "1891"]

1.d4 d5 2.c4 c6 3.Nc3 Nf6 4.e3 e6 5.Nf3 Bd6 6.Bd3 Nbd7 7.e4 dxe4 8.Nxe4 Nxe4
9.Bxe4 Qc7 10.O-O Bf4 11.Qd3 Bxc1 12.Raxc1 f5 13.Bxf5 exf5 14.Rfe1+ Kf8 15.Qxf5+ Nf6
16.Qc5+ Kg8 17.Re7 Qf4 18.Rce1 Bd7 19.Ne5 Ne4 20.Nd3 Qd2 21.R1xe4 Qxd3 22.Qe5 Qb1+
23.Re1 Qg6 24.Rxd7 h6 25.h4 Kh7 26.h5 Qg4 27.Qe4+ Qxe4 28.Rxe4 Rhe8 29.f3 b6
30.Rg4 Rg8 31.Rc7 Raf8 32.Rxa7 Rf5 33.Rc7 c5 34.d5 Rxh5 35.Rb7 Re5 36.Rxb6 Re1+
37.Kf2 Rd1 38.Re4 Ra8 39.a3 Rd2+ 40.Re2 Rd4 41.Rc2 Kg8 42.Rc6 Ra5 43.b4 Rxa3
44.Rxc5 h5 45.b5 Rb3 46.Rc6 h4 47.b6 g5 48.d6 Kf7 49.Rc7+ Kf6 50.d7 Rxb6
51.c5 Re6 52.Re2 Ra6 53.c6 g4 54.fxg4 Ra3 55.Rc8 Rad3 56.Rf8+ Kg7 57.c7 Kxf8
58.d8=Q+ Rxd8 59.cxd8=Q+ Rxd8 60.g5 Rd5 61.Re4 Rxg5 62.Rxh4 Kg7 63.Rd4 Ra5
64.Kf3 Kg6 65.Kf4 Ra6 66.g4 Rb6 67.g5 Ra6 68.Kg4 Rb6  1/2-1/2

[Event "Arco Open A"]
[Site "Arco ITA"]
[Date "2009.10.24"]
[Round "8"]
[White "Astengo,M"]
[Black "Di Lazzaro,G"]
[Result "0-1"]
[WhiteElo "2134"]
[BlackElo "1930"]

1.d4 d5 2.c4 e6 3.Nc3 c6 4.e3 Nf6 5.Nf3 Bd6 6.Bd3 Nbd7 7.O-O O-O 8.b3 e5
9.cxd5 cxd5 10.Nb5 Bb8 11.dxe5 Nxe5 12.Be2 a6 13.Nbd4 Nxf3+ 14.Bxf3 Qd6 15.g3 Bh3
16.Re1 Bc7 17.Qd3 Qe5 18.Bb2 h5 19.Rac1 Rac8 20.Rc2 Qg5 21.Rec1 Bd6 22.Rxc8 Bxc8
23.h4 Qe5 24.Ba1 Ba3 25.Rc2 Ne4 26.Qd1 Nf6 27.Nb5 Qe7 28.Nxa3 Qxa3 29.Bxf6 gxf6
30.Qxd5 Qb4 31.Bxh5 Be6 32.Qd2 Qe4 33.Be2 Bh3 34.f3 Qe5 35.Kh2 Be6 36.Kg2 Kg7
37.Qc3 Qf5 38.g4 Qh7 39.Kg3 Rc8 40.Bd3 Qh8 41.Qb2 Rd8 42.Be4 Rd1 43.Rc1 Rd6
44.Bxb7 Qb8 45.Kg2 Qxb7 46.e4 Qd7 47.Rc2 Bxg4 48.fxg4 Qxg4+ 49.Kf2 Qxh4+
50.Kg2 Qxe4+ 51.Kf2 Qh4+ 52.Ke2 Qh2+ 53.Ke3 Qg3+ 54.Ke2 Re6+  0-1

[Event "Arco Open A"]
[Site "Arco ITA"]
[Date "2009.10.24"]
[Round "8"]
[White "Sprea,G"]
[Black "Hasberger,W"]
[Result "1/2-1/2"]
[WhiteElo "2018"]
[BlackElo "1894"]

1.d4 d5 2.c4 c6 3.Nf3 Nf6 4.Nc3 e6 5.e3 Nbd7 6.cxd5 exd5 7.Bd3 Bd6 8.O-O O-O
9.e4 dxe4 10.Nxe4 Nxe4 11.Bxe4 Nf6 12.Bc2 Bg4 13.Qd3 Bh5 14.Qb3 Qc7 15.h3 Bg6
16.Bxg6 hxg6 17.Bd2 Rfe8 18.Rfe1 Rxe1+ 19.Rxe1 Re8 20.Rxe8+ Nxe8 21.Ne5 Kf8
22.Ba5 b6 23.Bb4 c5 24.dxc5 bxc5 25.Ba5 Qe7 26.Nc4 Kg8 27.Qd3 Bc7 28.Bc3 Nf6
29.f3 Bg3 30.Kf1 Nh5 31.Bd2 Bc7 32.Be3 Nf6 33.Kf2 Qe6 34.Bxc5 Bb6 35.Bxb6 axb6
36.b3 b5 37.Ne3 Qb6 38.Ke2 Nh5 39.Qd2 Qc7 40.Kd1 Qe5 41.b4 Nf4 42.Kc2 Qa1
43.Qd8+ Kh7 44.Qh4+ Nh5 45.Nd1 Qxa2+ 46.Nb2 Kg8 47.Qd8+ Kh7 48.Qd7 Nf4 49.Qxb5 Nd5
50.Qa5 Ne3+ 51.Kc1 Qb3 52.Qc5 Nd5 53.Qc4 Qxc4+ 54.Nxc4 Nxb4  1/2-1/2

[Event "Guernsey Open"]
[Site "Guernsey GCI"]
[Date "2009.10.24"]
[Round "7"]
[White "Downey,K GCI"]
[Black "Ippel,C"]
[Result "1-0"]
[WhiteElo "1931"]
[BlackElo "2073"]

1.Nf3 e6 2.d4 d5 3.c4 c6 4.e3 Nf6 5.Nc3 Bb4 6.Bd2 O-O 7.Bd3 Bd6 8.e4 dxe4
9.Nxe4 Nxe4 10.Bxe4 f5 11.Bd3 Nd7 12.Qc2 Nf6 13.h3 Qc7 14.O-O-O Bf4 15.Kb1 a5
16.Rhe1 Bd7 17.Ne5 Bxe5 18.Rxe5 b6 19.Bc3 Rab8 20.g4 g6 21.Rg1 Ne4 22.g5 Nxc3+
23.Qxc3 Rbd8 24.Rd1 Bc8 25.Bc2 c5 26.d5 exd5 27.cxd5 Rd6 28.Rde1 Qg7 29.Bb3 f4
30.Ka1 h6 31.h4 Kh7 32.h5 gxh5 33.gxh6 Qf6 34.Re7+ Kxh6 35.Qd2 Rf7 36.Re8 Bg4
37.f3 Bxf3 38.R1e6 Bxd5 39.Qxf4+  1-0

[Event "Guernsey Open"]
[Site "Guernsey GCI"]
[Date "2009.10.24"]
[Round "7"]
[White "Dijksterhuis,R"]
[Black "Goessling,G"]
[Result "0-1"]
[WhiteElo "2045"]
[BlackElo "2277"]

1.d4 d5 2.c4 c6 3.Nc3 Nf6 4.Nf3 e6 5.e3 Nbd7 6.cxd5 exd5 7.Be2 Bd6 8.O-O O-O
9.a3 a5 10.Qc2 Re8 11.Bd3 Qe7 12.Re1 Ne4 13.g3 Ndf6 14.Nd2 Bh3 15.Ndxe4 dxe4
16.Bf1 Qe6 17.Bg2 Qf5 18.Qe2 Bg4 19.Qf1 h5 20.h3 Bf3 21.Ne2 h4 22.g4 Nxg4
23.hxg4 Qxg4 24.Nf4 Bxf4 25.exf4 h3  0-1

[Event "Unive Open"]
[Site "Hoogeveen NED"]
[Date "2009.10.24"]
[Round "9"]
[White "Lagrotteria,S"]
[Black "Mellema,A"]
[Result "1-0"]
[WhiteElo "2221"]
[BlackElo "2125"]

1.d4 d5 2.c4 c6 3.Nf3 Nf6 4.e3 e6 5.Nc3 Nbd7 6.Qc2 Bd6 7.b3 O-O 8.Be2 Re8
9.O-O Qe7 10.Bb2 b6 11.e4 dxe4 12.Nxe4 Nxe4 13.Qxe4 Nf6 14.Qh4 Bb7 15.Bd3 h6
16.Rae1 Qd8 17.Rd1 Be7 18.Ne5 Qc7 19.Rfe1 Rad8 20.Bc1 c5 21.d5 Nd7 22.Qh5 Nxe5
23.Rxe5 Bf6 24.Ree1 g6 25.Qxh6 Bg7 26.Qg5 exd5 27.Rxe8+ Rxe8 28.cxd5 Re5
29.Qg3 Qe7 30.Rf1 Rxd5 31.Bc4 Be5 32.f4 Bd4+ 33.Kh1 Rd6 34.Re1 Qd8 35.f5 Kg7
36.Bf4 Rd7 37.fxg6 fxg6 38.Re6 g5 39.Bxg5 Bf2 40.Bh6+  1-0

[Event "Open"]
[Site "Liberec CZE"]
[Date "2009.10.24"]
[Round "1"]
[White "Grabliauskas,V"]
[Black "Kolarik,J"]
[Result "1-0"]
[WhiteElo "2426"]
[BlackElo "1948"]

1.d4 d5 2.c4 c6 3.Nc3 e6 4.e3 Nf6 5.Nf3 Be7 6.Bd3 O-O 7.O-O Nbd7 8.Qe2 Qc7
9.a3 dxc4 10.Bxc4 Nb6 11.Ba2 Nbd5 12.Na4 Nd7 13.e4 Nf4 14.Qe3 Ng6 15.Bd2 Nf6
16.e5 Nd5 17.Qe4 f6 18.exf6 Bxf6 19.Nc5 Qd6 20.Rfe1 Re8 21.Rac1 Rb8 22.h4 Bd7
23.h5 Nf8 24.h6 Ng6 25.hxg7 Kxg7 26.Ne5 Bxe5 27.dxe5 Qe7 28.Qg4 Rf8 29.Bxd5 cxd5
30.Bg5 Qf7 31.Bf6+ Kg8 32.Rc3 Rfc8 33.Rec1 Rc6 34.Qd4 b6 35.Nxd7 Rxc3 36.Qxc3 Qxd7
37.g3 Rb7 38.b4 Kf7 39.Kg2 Nf8 40.Qf3 Ke8 41.Qh5+ Qf7 42.Rc8+  1-0

[Event "17th TCh-Eur"]
[Site "Novi Sad SRB"]
[Date "2009.10.24"]
[Round "3"]
[White "Shengelia,D"]
[Black "Stojanovic,Da"]
[Result "1/2-1/2"]
[WhiteElo "2560"]
[BlackElo "2469"]

1.d4 d5 2.c4 c6 3.e3 Nf6 4.Nc3 e6 5.Nf3 Nbd7 6.Bd3 dxc4 7.Bxc4 b5 8.Bd3 b4
9.Na4 c5 10.dxc5 Nxc5 11.Bb5+ Bd7 12.Bxd7+ Qxd7 13.Nxc5 Bxc5 14.Qxd7+ Nxd7
15.Ke2 Ke7 16.Bd2 a5 17.Rhc1 Rhc8 18.Rc2 Bb6 19.Rac1 Rxc2 20.Rxc2 Bc5 21.Ne1 e5
22.Nd3 Ke6 23.f3 Ra6 24.b3 Rc6 25.Nb2 Nb6 26.g4 Kd7 27.Kd3 Bd6 28.Rxc6 Kxc6
29.Ke4 Nd7 30.Kd3 g6 31.g5 e4+ 32.Kxe4 Nc5+ 33.Kd4 Ne6+ 34.Kd3 Nxg5 35.f4 Nf3
36.h3 Ng1 37.Nc4 Bc7 38.a3 bxa3 39.Nxa3 Nxh3 40.Ke2 g5 41.Kf3 gxf4 42.exf4 Nxf4
43.Bxf4 Bxf4 44.Kxf4 Kc5 45.Nc2 Kb5 46.Kf5 a4 47.bxa4+ Kxa4  1/2-1/2

[Event "17th TCh-Eur"]
[Site "Novi Sad SRB"]
[Date "2009.10.24"]
[Round "3"]
[White "Georgiev,Vl"]
[Black "Efimov,Ig"]
[Result "1/2-1/2"]
[WhiteElo "2537"]
[BlackElo "2433"]

1.d4 d5 2.c4 c6 3.e3 Nf6 4.Nc3 e6 5.Nf3 Nbd7 6.Qc2 b6 7.b3 Bb7 8.Bd3 Rc8
9.O-O Be7 10.e4 dxe4 11.Nxe4 c5 12.Bb2 cxd4 13.Bxd4 Nc5 14.Bxc5 Bxe4 15.Bxe4 Bxc5
16.Bb7 Rc7 17.Rad1 Qb8 18.Ba6 O-O 19.Qb2 Rd7 20.Rxd7  1/2-1/2

[Event "8th TCh-Eur w"]
[Site "Novi Sad SRB"]
[Date "2009.10.24"]
[Round "3"]
[White "Romanko,M"]
[Black "Puuska,H"]
[Result "1-0"]
[WhiteElo "2453"]
[BlackElo "2020"]

1.d4 Nf6 2.c4 e6 3.Nc3 d5 4.Nf3 c6 5.e3 Nbd7 6.Qc2 Bd6 7.Be2 O-O 8.O-O dxc4
9.Bxc4 e5 10.h3 exd4 11.Nxd4 Ne5 12.Be2 Qa5 13.Bd2 Nd5 14.a3 Qd8 15.Nxd5 cxd5
16.Bc3 Qh4 17.Nf5 Bxf5 18.Qxf5 Qe4 19.Qxe4 dxe4 20.Rfd1 Bc7 21.Rd4 f5 22.Rad1 Kf7
23.Rd7+ Nxd7 24.Rxd7+ Ke8 25.Rxc7 Rf7 26.Bb5+  1-0

[Event "17th TCh-Eur"]
[Site "Novi Sad SRB"]
[Date "2009.10.24"]
[Round "3"]
[White "Hansen,LB"]
[Black "Blagojevic,Dr"]
[Result "1/2-1/2"]
[WhiteElo "2574"]
[BlackElo "2546"]

1.d4 Nf6 2.Nf3 d5 3.c4 e6 4.Nc3 c6 5.e3 a6 6.c5 Nbd7 7.b4 g6 8.Bb2 Bg7 9.Be2 O-O
10.O-O Qc7 11.Na4 Ne4 12.Nd2 Nxd2 13.Qxd2 e5 14.dxe5 Bxe5 15.Bxe5 Qxe5 16.Rad1 Re8
17.Rfe1 Rb8 18.Bf1 Nf6 19.Qd4 Bf5 20.Nc3 Qxd4 21.exd4 Rxe1 22.Rxe1 Re8 23.Rxe8+ Nxe8
24.f3 g5 25.Kf2 Nc7 26.Ke3 Kf8 27.a4 Ke7 28.b5 axb5 29.axb5 cxb5 30.Bxb5 f6
31.Be2 Bd7 32.f4 gxf4+ 33.Kxf4 Ne6+ 34.Ke3 Bc6 35.Na2 Nc7 36.Nb4 Bd7 37.Bd3 h6
38.Bc2 Be6 39.Bb3 Kf7 40.Nd3 Ke7 41.Nf4 Bf7 42.h4 Be6 43.Bd1 Bd7 44.Bf3 Bc6
45.Nd3 Bd7 46.Nb4 Be6 47.Na2 Kd7 48.Nb4 Ke7 49.g3 Kd7 50.Be2 Ke7 51.Na2 Kd7
52.Nb4 Ke7 53.Bd1 Bd7 54.Bb3 Be6 55.Ba2 Kd7 56.Bb3 Ke7 57.Ba2  1/2-1/2

[Event "8th TCh-Eur w"]
[Site "Novi Sad SRB"]
[Date "2009.10.24"]
[Round "3"]
[White "Srebrnic,A"]
[Black "Sop,S"]
[Result "1-0"]
[WhiteElo "2237"]
[BlackElo "1930"]

1.c4 e6 2.Nc3 d5 3.d4 c6 4.Nf3 Nf6 5.e3 Nbd7 6.Bd3 dxc4 7.Bxc4 b5 8.Be2 Bb7
9.O-O a6 10.e4 b4 11.e5 bxc3 12.exf6 Nxf6 13.bxc3 Bd6 14.Nd2 Qc7 15.h3 Nd5
16.Ne4 O-O 17.c4 Nf4 18.Rb1 Nxe2+ 19.Qxe2 Bc8 20.Qf3 Re8 21.c5 Bf8 22.Bf4 Qd7
23.Be5 f5 24.Nc3 a5 25.Na4 Qd5 26.Qa3 Ba6 27.Nb6 Qe4 28.Rfe1 Qh4 29.Nxa8 Rxa8
30.Qg3 Qxg3 31.Bxg3 Kf7 32.a4 Bc4 33.Rb7+ Kg6 34.Reb1 Rd8 35.Rb8 Be7 36.Rxd8 Bxd8
37.Rb8 Bf6 38.Be5 Bd3 39.Ra8 f4 40.Bxf6 gxf6 41.Rxa5 e5 42.dxe5 fxe5 43.f3 Kf5
44.Ra7 Kf6 45.Kf2 e4 46.fxe4 Bxe4 47.a5 Bd5 48.a6  1-0

[Event "Chigorin Mem Open"]
[Site "St Petersburg RUS"]
[Date "2009.10.24"]
[Round "9"]
[White "Aleshin,O"]
[Black "Yevseev,D"]
[Result "1-0"]
[WhiteElo "2377"]
[BlackElo "2541"]

1.d4 d5 2.c4 e6 3.Nf3 Nf6 4.Nc3 c6 5.e3 Nbd7 6.Qc2 Bd6 7.b3 O-O 8.Be2 dxc4
9.bxc4 e5 10.O-O Re8 11.Rd1 exd4 12.exd4 Nf8 13.h3 Ng6 14.Bf1 Qc7 15.Bg5 Nh5
16.Re1 Bd7 17.c5 Bf8 18.Be3 Nhf4 19.Rab1 Rab8 20.Kh1 Be7 21.Ne5 Be6 22.Nxg6 Nxg6
23.Bd3 Qd7 24.f4 Nh4 25.Bxh7+ Kh8 26.Be4 Nf5 27.Bf2 Nxd4 28.Qd1 f5 29.Bxd4 fxe4
30.Nxe4 Kg8 31.Be5 Rbd8 32.Qe2 Bd5 33.Kh2 Bh4 34.Rf1 Re6 35.Nd6 b6 36.Qg4 Bf6
37.Rbe1 bxc5 38.Nf5 Bxe5 39.fxe5 c4 40.Re3 Qc7 41.Nd6 Rd7 42.Qf5 Qd8 43.Nf7 Qe8
44.Ng5 Rh6 45.Rb1 Re7 46.e6 Bxe6 47.Qe5 Bxh3 48.Qxe7 Be6+ 49.Kg1 Qxe7 50.Rb8+ Qf8
51.Rxf8+ Kxf8 52.Nxe6+ Kf7 53.Nf4 Rd6 54.Ne2 Rd2 55.a3 Ra2 56.Kf2 Kf6 57.Kf3 a5
58.g4 Ra1 59.Ke4 Kg5 60.Kd4 Kxg4  1-0

[Event "Chigorin Mem Open"]
[Site "St Petersburg RUS"]
[Date "2009.10.24"]
[Round "9"]
[White "Butuc,M"]
[Black "Martynenko,Al"]
[Result "1-0"]
[WhiteElo "2215"]
[BlackElo "2033"]

1.Nf3 d5 2.d4 Nf6 3.c4 c6 4.Nc3 e6 5.e3 Nbd7 6.Qc2 Bd6 7.b3 b6 8.Be2 Bb7
9.O-O Qc7 10.Bb2 O-O 11.Rac1 a6 12.Rfe1 dxc4 13.bxc4 c5 14.h3 cxd4 15.exd4 e5
16.d5 Nc5 17.Bf1 Rae8 18.Nh4 Bc8 19.Bd3 g6 20.Nf3 Nxd3 21.Qxd3 Bf5 22.Qe2 h5
23.Nh4 Qd7 24.Nxf5 Qxf5 25.Na4 Nd7 26.Qe3 Nc5 27.Nxc5 Bxc5 28.Qg3 f6 29.Re2 Rf7
30.Ba3 Bd4 31.Qb3 Rd8 32.Rec2 Qd7 33.Qd3 b5 34.Qxg6+ Rg7 35.Qxh5 bxc4 36.Qf3 c3
37.Bb4 e4 38.Qxe4 Qxh3 39.Qe6+ Qxe6 40.dxe6 Re8 41.e7 Kh7 42.Rd1 Be5 43.g3 a5
44.Rd8 Rgg8 45.Rxe8 Rxe8 46.Bxc3 Bxc3 47.Rxc3 Rxe7 48.Rc5 a4 49.Rc4 Ra7 50.a3 Kg6
51.Rf4 Kf7 52.Kg2 Ke6 53.Kf3 Ke5 54.Rb4 Kf5 55.Rb5+ Ke6 56.Ke4 Rc7 57.Rb6+ Ke7
58.Rb4 Rc2 59.f3 Rc3 60.Rxa4 Ke6 61.Ra6+ Ke7 62.g4 Rb3 63.a4 Rb4+ 64.Kf5 Rb3
65.f4 Rb4 66.Rxf6 Rxa4 67.Re6+ Kf7 68.Re5 Ra1 69.g5 Ra6 70.Rb5 Ra7 71.g6+ Kg7
72.Kg5 Ra1 73.Rb7+ Kf8 74.f5 Ra2 75.Rb8+ Ke7 76.f6+ Ke6 77.Re8+ Kd7 78.f7 Rg2+
79.Kf6  1-0

[Event "Chigorin Mem Open"]
[Site "St Petersburg RUS"]
[Date "2009.10.24"]
[Round "9"]
[White "Pakhomov,E"]
[Black "Kaganskiy,G"]
[Result "0-1"]
[WhiteElo "2371"]
[BlackElo "2248"]

1.d4 d5 2.Nf3 Nf6 3.c4 e6 4.Nc3 c6 5.e3 Nbd7 6.Qc2 Bd6 7.b3 O-O 8.Be2 dxc4
9.bxc4 e5 10.O-O Re8 11.h3 exd4 12.exd4 Nf8 13.Be3 Ng6 14.Rfe1 Qa5 15.c5 Bf4
16.Bd3 Bxe3 17.Rxe3 Rxe3 18.fxe3 b6 19.Ne4 Nxe4 20.Bxe4 Bd7 21.Ng5 Be8 22.Bxg6 hxg6
23.Qe4 bxc5 24.Qh4 Qd2 25.Rf1 Qxe3+ 26.Kh1 Qe2 27.Qh7+ Kf8 28.Rf4 Qh5 29.Ne6+ Ke7
30.Qxg7 Kxe6 31.Re4+ Kd7 32.Qf6 Kc7 33.Qf4+ Kb6 34.dxc5+ Qxc5 35.Rb4+ Ka6
36.Ra4+ Kb5 37.Re4 Rd8 38.Re5 Rd5 39.Qf1+ Qc4 40.a4+ Kc5 41.Qg1+ Qd4 42.Rxe8 Qxg1+
43.Kxg1 Kb4 44.Re4+ Kb3 45.Re7 a5 46.Rxf7 c5 47.Kf2 c4 48.Ke2 c3 49.g4 g5
50.Rc7 c2 51.Rc8 Rd1  0-1

[Event "4NCL 2009-10"]
[Site "Sunningdale ENG"]
[Date "2009.10.24"]
[Round "1"]
[White "Buckley,G"]
[Black "Muter,D"]
[Result "1-0"]
[WhiteElo "2388"]
[BlackElo "2221"]

1.d4 d5 2.c4 e6 3.Nf3 Nf6 4.Nc3 c6 5.e3 Nbd7 6.Qc2 Bd6 7.Be2 Qe7 8.O-O dxc4
9.Bxc4 O-O 10.Bd2 e5 11.h3 a6 12.Bb3 c5 13.Rac1 b6 14.Nh4 g6 15.Nxg6 hxg6
16.Qxg6+ Kh8 17.Qh6+ Kg8 18.Nd5 Nxd5 19.Bxd5 Rb8 20.e4 Qf6 21.Qh5 Kg7 22.f4 exf4
23.e5 Nxe5 24.dxe5 Bxe5 25.Rce1 Bd4+ 26.Kh2 Qf5 27.Qf3 Be6 28.Be4 Qg5 29.Bxf4 Be5
30.g3 Bxf4 31.gxf4 Qh6 32.Rg1+ Kh8 33.Rg5  1-0

[Event "Arco Open A"]
[Site "Arco ITA"]
[Date "2009.10.25"]
[Round "9"]
[White "Russo,C"]
[Black "Facchetti,L"]
[Result "0-1"]
[WhiteElo "1733"]
[BlackElo "1836"]

1.d4 d5 2.c4 e6 3.Nc3 c6 4.e3 Nf6 5.Nf3 Nbd7 6.cxd5 exd5 7.Bd3 Bd6 8.Qc2 O-O
9.O-O Re8 10.e4 Nxe4 11.Nxe4 dxe4 12.Bxe4 Nf6 13.Bd3 Bg4 14.Ng5 h6 15.Bh7+ Kf8
16.Nxf7 Kxf7 17.Bg6+ Kf8 18.Bxe8 Qxe8 19.f3 Qh5 20.h3 Bf5 21.Qf2 Qg6 22.g4 Nd5
23.Kh1 Bd3 24.Rg1 Re8 25.Re1 Rxe1+ 26.Qxe1 Qf6 27.Qf2 Be4 28.Kg2 Bg6 29.Bd2 Nf4+
30.Bxf4 Qxf4 31.Kg1 Bf7 32.Rd1 Bd5 33.Rd3 Qc1+ 34.Kg2 Qf4 35.Kg1 Bxa2 36.b3 Qc1+
37.Kg2 Qf4 38.Kg1 Bb1 39.Rc3 Bg6 40.Rc4 Bf7 41.Rc3 Bd5 42.h4 b5 43.h5 a5
44.Qh4 Qxd4+ 45.Kf1 Qd1+ 46.Qe1 Qxe1+ 47.Kxe1 Bb4 48.Kd2 Bxc3+ 49.Kxc3 Bxf3
50.Kd4 Bxg4 51.Kc5 Bxh5 52.Kxc6 a4  0-1

[Event "Arco Open A"]
[Site "Arco ITA"]
[Date "2009.10.25"]
[Round "9"]
[White "Kern,B"]
[Black "De Polzer,M"]
[Result "1/2-1/2"]
[WhiteElo "1673"]
[BlackElo "1812"]

1.d4 e6 2.c4 d5 3.Nc3 c6 4.e3 Nf6 5.Nf3 Bd6 6.Bd3 O-O 7.O-O Nbd7 8.Bd2 Re8
9.Rc1 e5 10.dxe5 Nxe5 11.Nxe5 Bxe5  1/2-1/2

[Event "8th TCh-Eur w"]
[Site "Novi Sad SRB"]
[Date "2009.10.25"]
[Round "4"]
[White "Mamedjarova,Z"]
[Black "Cosma,E"]
[Result "1-0"]
[WhiteElo "2285"]
[BlackElo "2331"]

1.d4 d5 2.c4 c6 3.e3 e6 4.Nc3 Nf6 5.Nf3 Nbd7 6.Qc2 Bd6 7.g4 dxc4 8.e4 e5
9.g5 exd4 10.Nxd4 Nh5 11.Qd1 Be5 12.Nxc6 bxc6 13.Qxh5 Qe7 14.Bxc4 Bxc3+ 15.bxc3 Qxe4+
16.Qe2 Qxe2+ 17.Bxe2 O-O 18.Be3 Nb6 19.c4 Be6 20.Rc1 Bh3 21.Rc3 Bg2 22.Rg1 Be4
23.f3 Bf5 24.Kf2 Rfd8 25.Ra1 Rd7 26.a4 Nc8 27.a5 Rb8 28.Raa3 Kf8 29.Bc5+ Ke8
30.Re3+ Kd8 31.Bf8 g6 32.Bg7 Nd6 33.Bf6+ Kc8 34.a6 Be6 35.f4 Rb2 36.Bxb2  1-0

[Event "17th TCh-Eur"]
[Site "Novi Sad SRB"]
[Date "2009.10.25"]
[Round "4"]
[White "Thorfinnsson,Br"]
[Black "Iclicki,W"]
[Result "1-0"]
[WhiteElo "2360"]
[BlackElo "2052"]

1.d4 d5 2.c4 c6 3.Nf3 Nf6 4.Nc3 e6 5.e3 Nbd7 6.Qc2 Bd6 7.g4 h6 8.h3 e5 9.Bd2 O-O
10.O-O-O e4 11.Nh4 Re8 12.Nf5 Bf8 13.Ng3 a6 14.Kb1 Qc7 15.Rc1 b6 16.cxd5 cxd5
17.Qd1 Qb8 18.h4 h5 19.g5 Ng4 20.Be1 g6 21.Nxd5 Bd6 22.Bh3 Qb7 23.Qb3 Re6
24.Bg2 Bxg3 25.fxg3 a5 26.Nf4 a4 27.Qa3 Re8 28.Bd2 Nf8 29.d5 Bf5 30.Qb4 Nf2
31.Rhf1 Nd3 32.Nxd3 exd3 33.e4 Bg4 34.Qd4 Nd7 35.Qxd3 Ne5 36.Qd4 Qe7 37.Bf4 b5
38.a3 Be2 39.Rfe1 Bd3+ 40.Ka1 Bc4 41.Bf1 Rac8 42.Bxc4 Rxc4 43.Qxe5 Qxe5 44.Bxe5 Rxc1+
45.Rxc1 Rxe5 46.d6  1-0

[Event "WJun"]
[Site "Puerto Madryn ARG"]
[Date "2009.10.25"]
[Round "5"]
[White "Bindrich,F"]
[Black "Cori,J"]
[Result "1-0"]
[WhiteElo "2516"]
[BlackElo "2445"]

1.d4 Nf6 2.Nf3 d5 3.c4 c6 4.e3 e6 5.Nc3 Nbd7 6.Qc2 Bd6 7.Bd3 dxc4 8.Bxc4 O-O
9.O-O e5 10.h3 Qe7 11.Bb3 Re8 12.Bd2 h6 13.dxe5 Nxe5 14.Nd4 c5 15.Nf5 Bxf5
16.Qxf5 c4 17.Ba4 Red8 18.Ne4 Nxe4 19.Qxe4 Nd3 20.Qxc4 Nxb2 21.Qb3 Nxa4 22.Qxa4 Qe5
23.f4 Qe7 24.Rae1 Bc5 25.Bc3 Bxe3+ 26.Kh1 Rd3 27.Ba1 Rad8 28.f5 f6 29.Rf3 Qc7
30.Qe4 Qa5 31.Rfxe3 Rxe3 32.Qxe3 Qxa2 33.Qe7 Qd2 34.Bc3  1-0

[Event "8th TCh-Eur w"]
[Site "Novi Sad SRB"]
[Date "2009.10.26"]
[Round "5"]
[White "Maric,A"]
[Black "Vajda,S"]
[Result "1/2-1/2"]
[WhiteElo "2405"]
[BlackElo "2375"]

1.Nf3 d5 2.d4 c6 3.c4 e6 4.e3 Nf6 5.Nc3 Nbd7 6.Qc2 Bd6 7.Bd3 O-O 8.O-O dxc4
9.Bxc4 b5 10.Be2 Bb7 11.Rd1 Qb8 12.e4 e5 13.g3 Re8 14.a3 a6 15.dxe5 Nxe5
16.Bg5 Nxf3+ 17.Bxf3 Be5 18.Rac1 h6 19.Be3 c5 20.Bxc5 Bxc3 21.Qxc3 Nxe4 22.Bxe4 Bxe4
23.Bd6 Qb7 24.Qc7 Rac8 25.Qxb7 Bxb7 26.Rxc8 Rxc8 27.h4 Bf3 28.Re1 a5 29.Be5 b4
30.axb4 axb4 31.Bd6 b3 32.Be5 f5 33.Kh2 g5 34.Re3 g4 35.Bc3 Be4 36.Kg1 Rd8
37.Kf1 Kf7 38.Ke1 Ra8 39.Kd2 Rd8+ 40.Ke1 h5 41.Bd2 Bd3 42.Bc3 Be4 43.Bd2 Bd3
44.Bc3 Be4  1/2-1/2

[Event "17th TCh-Eur"]
[Site "Novi Sad SRB"]
[Date "2009.10.26"]
[Round "5"]
[White "Akopian,Vl"]
[Black "Fressinet,L"]
[Result "1/2-1/2"]
[WhiteElo "2698"]
[BlackElo "2658"]

1.d4 d5 2.c4 c6 3.Nc3 Nf6 4.e3 e6 5.Nf3 Nbd7 6.Qc2 Bd6 7.Bd3 dxc4 8.Bxc4 O-O
9.O-O a6 10.Rd1 b5 11.Be2 Qc7 12.Ne4 Nxe4 13.Qxe4 Bb7 14.Bd3 g6 15.Qh4 c5
16.Be2 Bxf3 17.Bxf3 Rac8 18.Bd2 cxd4 19.Rac1 Qb8 20.exd4 Nb6 21.Bh6 Rfd8
22.Bc6 Rc7 23.Qf6 Bf8 24.Bf4 Bd6 25.Bh6 Bf8 26.Bf4 Bd6 27.Bh6  1/2-1/2

[Event "8th TCh-Eur w"]
[Site "Novi Sad SRB"]
[Date "2009.10.26"]
[Round "5"]
[White "Kazimova,N"]
[Black "Mkrtchian,L"]
[Result "1/2-1/2"]
[WhiteElo "2228"]
[BlackElo "2469"]

1.Nf3 Nf6 2.c4 e6 3.Nc3 d5 4.d4 c6 5.e3 Nbd7 6.Qc2 Bd6 7.g4 h6 8.h3 e5 9.cxd5 cxd5
10.dxe5 Nxe5 11.Nxe5 Bxe5 12.Bd2 Be6 13.Bg2 O-O 14.f4 Bxc3 15.Bxc3 Ne4 16.O-O f5
17.Bxe4 dxe4 18.Qg2 Rf7 19.g5 hxg5 20.fxg5 Rd7 21.Qg3 Rd3 22.h4 b5 23.h5 Qe7
24.Kh1 b4 25.Be5 Rad8 26.Rg1 Qc5 27.Rae1 R8d5 28.Bf4 Qc2 29.h6 Qxb2 30.Rb1 Qe2
31.Rxb4 Qh5+ 32.Qh2 Qf3+ 33.Qg2 Qh5+ 34.Qh2 Qf3+ 35.Qg2 Rd2 36.Rb8+ Rd8 37.Rxd8+ Rxd8
38.Rf1 Qxg2+ 39.Kxg2 Bxa2 40.Rc1 gxh6 41.gxh6 Rd7 42.Rc5 Bd5  1/2-1/2

[Event "Corsica Masters"]
[Site "Bastia FRA"]
[Date "2009.10.27"]
[Round "4"]
[White "Malaniuk,V"]
[Black "Dimitrov,Pa"]
[Result "1-0"]
[WhiteElo "2586"]
[BlackElo "2376"]

1.d4 d5 2.c4 c6 3.e3 Nf6 4.Nc3 e6 5.Nf3 Nbd7 6.Qc2 dxc4 7.Bxc4 Bd6 8.O-O O-O
9.Rd1 Qc7 10.e4 e5 11.h3 b5 12.Be2 a6 13.Bg5 h6 14.dxe5 Bxe5 15.Nxe5 hxg5
16.Nxd7 Bxd7 17.Nd5 Nxd5 18.exd5 Rac8 19.d6 Qb6 20.Bg4 f5 21.Bf3 Rf6 22.Rd2 Kh8
23.g3 c5 24.Rad1 c4 25.Rd4 f4 26.gxf4 gxf4 27.Rd5 Rh6 28.Bg4 Qd8 29.Qe2 Rh4
30.Qe7 Bxg4 31.hxg4 Rxg4+ 32.Kf1 Rh4 33.d7 Ra8 34.Qe4 f3 35.Qxf3 Rh6 36.Re5 Qf8
37.Qe4 Rb8 38.Re8  1-0